000 00461nam a22001937a 4500
003 MPLRDC
005 20220104143307.0
008 210129b ||||| |||| 00| 0 eng d
020 _a7-80511-078-6
082 _a782.29 SWSX
100 _a寺尾善雄
245 _a话说太监
_c
250 _a一版一刷
260 _a
_b上海文化出版社
_c1987
300 _b
490 _a五角丛书
650 _a中国传记
942 _cBK
_o782.29 SWSX
999 _c38494
_d38484